| 000 | 01062cam a2200289 a 4500 | ||
|---|---|---|---|
| 999 |
_c5879 _d5879 |
||
| 001 | 13497912 | ||
| 003 | OSt | ||
| 005 | 20190110151709.0 | ||
| 008 | 860409s1986 mnu 000 0 eng | ||
| 010 | _a86009664 //r87 | ||
| 020 | _a0871238594 (pbk.) | ||
| 040 |
_aDLC _cDLC _dOBE |
||
| 050 | 0 |
_aBT765 _b.F56 1986 |
|
| 082 | 0 |
_a234.8 _219 _bF514P |
|
| 099 | _aBT765.F56 1986 | ||
| 100 | 1 |
_aFinney, Charles G., _d1792-1875 |
|
| 245 | 1 | 0 |
_aPrinciples of sanctification / _cCharles G. Finney ; compiled & edited by Louis Gifford Parkhurst, Jr |
| 260 |
_aMinneapolis, Minn. : _bBethany House, _cc1986 |
||
| 300 |
_a204 p. ; _c21 cm |
||
| 500 | _aRev. ed. of: Finney's Views of sanctification. 1840 | ||
| 500 | _aIncludes appendix, Convention on entire sanctification and articles by James H. Fairchild and Henry Cowles | ||
| 650 | 0 | _aSanctification | |
| 690 |
_aOberlin College author _xAdministration _xFinney, Charles G |
||
| 700 | 1 |
_aParkhurst, Louis Gifford, _d1946- |
|
| 700 | 1 | 1 |
_aFinney, Charles G., _d1792-1875. _tViews of sanctification |
| 942 |
_2ddc _cBK |
||